000 00405nam a2200181Ia 4500
005 20250425161412.0
008 250425s9999 xx 000 0 und d
041 _aeng
082 _a623.88
100 _aKNIGHT, AUSTIN M.
245 0 _aMODERN SEAMANSHIP
250 _a14TH ED.
260 _aEstados Unidos
_bVANN
_c1966
260 _aPRINCETON
300 _a610
942 _c01
010 _a19479
999 _c208503
_d208503